[Event "Moncada Cup-B"]
[Site "Santiago de Cuba"]
[Date "2019.03.26"]
[Round "7.2"]
[White "Quesada Vera, Liordis"]
[Black "Gonzalez Parra, Harold Manuel"]
[Result "1/2-1/2"]
[WhiteElo "2360"]
[BlackElo "2299"]
[PlyCount "20"]
[EventDate "2019.03.20"]
[EventType "tourn"]
[EventRounds "10"]
[EventCountry "CUB"]
[EventCategory "4"]
[SourceTitle "EXT 2023"]
[Source "ChessBase"]
[SourceDate "2022.10.05"]
[SourceVersion "1"]
[SourceVersionDate "2022.10.05"]
[SourceQuality "1"]

1. e4 e5 2. Nf3 Nc6 3. Bb5 a6 4. Bxc6 dxc6 5. d4 exd4 6. Qxd4 Qxd4 7. Nxd4 Bd7 8. Nc3 0-0-0 9. Be3 Ne7 10. 0-0-0 c5 1/2-1/2

[Event "Adelquis Remon Memorial-B"]
[Site "Holguin"]
[Date "2017.11.05"]
[Round "6.3"]
[White "Perez Leiva, Jerzy Jesus"]
[Black "Gonzalez Parra, Harold Manuel"]
[Result "1/2-1/2"]
[WhiteElo "2284"]
[BlackElo "2265"]
[PlyCount "217"]
[EventDate "2017.11.02"]
[EventType "tourn"]
[EventRounds "10"]
[EventCountry "CUB"]
[EventCategory "1"]
[SourceTitle "EXT 2023"]
[Source "ChessBase"]
[SourceDate "2022.10.05"]
[SourceVersion "1"]
[SourceVersionDate "2022.10.05"]
[SourceQuality "1"]

1. e4 e5 2. Nf3 d6 3. d4 Nd7 4. Nc3 c6 5. a4 Ngf6 6. Bc4 Be7 7. 0-0 0-0 8. Bb3 Qc7 9. a5 h6 10. Re1 Re8 11. h3 Nf8 12. d5 a6 13. Be3 c5 14. Nd2 N6h7 15. Ba4 Rd8 16. b4 Bg5 17. bxc5 Bxe3 18. Rxe3 Qxc5 19. Bb3 Nf6 20. Nc4 Bd7 21. Nb6 Rab8 22. Ne2 Bb5 23. c4 Be8 24. Qd2 Ng6 25. g3 Nd7 26. Na4 Qc7 27. f4 Nc5 28. Nb6 Nf8 29. fxe5 dxe5 30. Bd1 Rd6 31. Qb2 f6 32. Nc3 Nfd7 33. Rb1 Nxb6 34. axb6 Qd8 35. Bg4 h5 36. Bf5 g6 37. Qb4 gxf5 38. Qxc5 Rc8 39. Qb4 a5 40. Qb3 Bg6 41. Kh2 Kh7 42. exf5 Bxf5 43. Rf1 Rxb6 44. Qa3 Bg6 45. c5 Rb4 46. Na2 Rxc5 47. Nxb4 axb4 48. Qxb4 Qxd5 49. Kg1 f5 50. Qb3 Qd4 51. Qd3 Qxd3 52. Rxd3 h4 53. gxh4 f4 54. Rd7+ Kh6 55. Rxb7 Kh5 56. Rb4 Kxh4 57. Rbxf4+ exf4 58. Rxf4+ Kxh3 59. Kf2 Re5 60. Rf3+ Kh4 61. Re3 Be4 62. Ke2 Kg4 63. Kd2 Kf4 64. Re1 Rc5 65. Rc1 Rd5+ 66. Kc3 Ke5 67. Re1 Rc5+ 68. Kb4 Rc8 69. Rd1 Bd5 70. Rg1 Kd6 71. Rd1 Rc4+ 72. Kb5 Rc3 73. Rb1 Rc8 74. Rb4 Rb8+ 75. Ka5 Ra8+ 76. Kb6 Rc8 77. Ka5 Bc4 78. Rb6+ Kc5 79. Rb5+ Kd4 80. Rg5 Rb8 81. Ka4 Be6 82. Rg1 Kc5 83. Rg5+ Bd5 84. Ka3 Rb3+ 85. Ka4 Rb2 86. Rg3 Ra2+ 87. Ra3 Rc2 88. Ra1 Rb2 89. Rc1+ Bc4 90. Rc3 Ra2+ 91. Ra3 Rh2 92. Rg3 Rb2 93. Rg5+ Bd5 94. Rg3 Rb8 95. Ka3 Kd4 96. Rg4+ Kc3 97. Rb4 Ra8+ 98. Ra4 Re8 99. Rb4 Re2 100. Rb3+ Kd4 101. Rb2 Re8 102. Kb4 Bc4 103. Rd2+ Bd3 104. Ka5 Kc5 105. Ka4 Kc4 106. Ka5 Kc3 107. Rd1 Re6 108. Rc1+ Kb3 109. Rc6 1/2-1/2

[Event "Bayamo Cespedes Memorial-C"]
[Site "Bayamo"]
[Date "2017.03.06"]
[Round "9.3"]
[White "Gonzalez Parra, Harold Manuel"]
[Black "Leon Valdes, Jony Wilson"]
[Result "1-0"]
[WhiteElo "2274"]
[BlackElo "2312"]
[PlyCount "81"]
[EventDate "2017.03.01"]
[EventType "tourn"]
[EventRounds "10"]
[EventCountry "CUB"]
[EventCategory "2"]
[SourceTitle "EXT 2023"]
[Source "ChessBase"]
[SourceDate "2022.10.05"]
[SourceVersion "1"]
[SourceVersionDate "2022.10.05"]
[SourceQuality "1"]

1. c4 e5 2. Nc3 Nc6 3. Nf3 d6 4. d4 Bg4 5. d5 Nce7 6. e4 g6 7. Be2 Bxf3 8. Bxf3 Nf6 9. Be3 Nd7 10. Be2 Bg7 11. 0-0 0-0 12. b4 a5 13. a3 f5 14. f3 f4 15. Bf2 b6 16. Nb5 g5 17. Rc1 Rf6 18. c5 axb4 19. cxd6 cxd6 20. axb4 h5 21. Nc7 Rc8 22. Ne6 Rxc1 23. Qxc1 Qb8 24. Bb5 Nf8 25. Qc7 Qxc7 26. Nxc7 g4 27. Bxb6 Nh7 28. Ne6 Kf7 29. Ra1 Rxe6 30. dxe6+ Kxe6 31. Bc4+ Kf6 32. Bd8 Ng5 33. Kf2 h4 34. Ra6 g3+ 35. Kg1 Bf8 36. Rxd6+ Kg7 37. Rd7 Kf6 38. hxg3 fxg3 39. b5 Nf7 40. Bxe7+ Bxe7 41. Bxf7 1-0

[Event "Bayamo Cespedes Memorial-C"]
[Site "Bayamo"]
[Date "2017.03.03"]
[Round "4.3"]
[White "Leon Valdes, Jony Wilson"]
[Black "Gonzalez Parra, Harold Manuel"]
[Result "1-0"]
[WhiteElo "2312"]
[BlackElo "2274"]
[PlyCount "121"]
[EventDate "2017.03.01"]
[EventType "tourn"]
[EventRounds "10"]
[EventCountry "CUB"]
[EventCategory "2"]
[SourceTitle "EXT 2023"]
[Source "ChessBase"]
[SourceDate "2022.10.05"]
[SourceVersion "1"]
[SourceVersionDate "2022.10.05"]
[SourceQuality "1"]

1. d4 Nf6 2. c4 c5 3. d5 b5 4. cxb5 a6 5. bxa6 Bxa6 6. Nc3 g6 7. Nf3 Bg7 8. g3 d6 9. Bg2 0-0 10. 0-0 Nbd7 11. Qc2 Qb6 12. Rd1 Rfb8 13. Rb1 Qa7 14. h3 Rb4 15. a3 Rb7 16. Be3 Qb8 17. b3 Ne8 18. Bf1 Nc7 19. Bc1 Nb5 20. Nxb5 Bxb5 21. e4 Bxf1 22. Rxf1 Ra6 23. Nd2 Rab6 24. Bb2 Nf6 25. Bc3 Qc8 26. Kg2 e6 27. Nc4 Ra6 28. Qd3 exd5 29. exd5 Rb8 30. b4 cxb4 31. axb4 Qd7 32. Bxf6 Bxf6 33. Ne5 Qb5 34. Nc4 Ra4 35. Qe4 Rxb4 36. Nxd6 Rxe4 37. Rxb5 Rxb5 38. Nxe4 Kg7 39. Rd1 Bd8 40. g4 f5 41. gxf5 gxf5 42. Nd6 Rb2 43. Nxf5+ Kf6 44. Ne3 Ra2 45. Rb1 Rd2 46. Kf3 h5 47. Rb8 Bc7 48. Rf8+ Kg5 49. Ke4 Bb6 50. Rf5+ Kh4 51. Rf3 Kg5 52. Ke5 Bc5 53. Ke6 Kh4 54. Nf5+ Kg5 55. Ng3 Kh4 56. Nf5+ Kg5 57. Ne3 Kh4 58. Ng2+ Kg5 59. h4+ Kg6 60. Nf4+ Kh6 61. Nd3 1-0

[Event "Capablanca Memorial op-B 45th"]
[Site "Havana"]
[Date "2011.05.14"]
[Round "4"]
[White "Pacey, Kevin"]
[Black "Gonzalez Parra, Harold Manuel"]
[Result "1/2-1/2"]
[WhiteElo "2169"]
[BlackElo "2250"]
[PlyCount "56"]
[EventDate "2011.05.11"]
[EventType "swiss"]
[EventRounds "7"]
[EventCountry "CUB"]
[SourceTitle "CBM 142 Extra"]
[Source "ChessBase"]
[SourceDate "2011.06.27"]
[SourceVersion "1"]
[SourceVersionDate "2011.06.27"]
[SourceQuality "1"]

1. e4 e5 2. Nf3 Nc6 3. Bb5 g6 4. d4 exd4 5. Bg5 f6 6. Bh4 Bg7 7. 0-0 Nge7 8. Nxd4 0-0 9. Bc4+ Kh8 10. Nc3 Nxd4 11. Qxd4 d5 12. Rad1 c6 13. Bg3 Bg4 14. Be2 Bxe2 15. Nxe2 Qb6 16. Bd6 Rfe8 17. Bc5 Qc7 18. exd5 Nxd5 19. Nc3 Rad8 20. Nxd5 Rxd5 21. Qb4 b6 22. Bd6 Qf7 23. Qb3 f5 24. Rde1 Re6 25. Bb4 Bf6 26. Rxe6 Qxe6 27. Re1 Qd7 28. Bc3 Kg7 1/2-1/2